Experiments in engineering physics : (a laboratory manual and workbook with viva voce) (Record no. 64204)

000 -LEADER
fixed length control field 00480nam a22001697a 4500
003 - CONTROL NUMBER IDENTIFIER
control field NUST - PNEC
005 - DATE AND TIME OF LATEST TRANSACTION
control field 20170116180836.0
008 - FIXED-LENGTH DATA ELEMENTS--GENERAL INFORMATION
fixed length control field 150805b xxu||||| |||| 00| 0 eng d
020 ## - INTERNATIONAL STANDARD BOOK NUMBER
International Standard Book Number 8121912237
040 ## - CATALOGING SOURCE
Transcribing agency LIBRARY
082 ## - DEWEY DECIMAL CLASSIFICATION NUMBER
Classification number 530 AVA
100 ## - MAIN ENTRY--PERSONAL NAME
9 (RLIN) 4951
Personal name Avadhanulu, M.N.
245 ## - TITLE STATEMENT
Title Experiments in engineering physics : (a laboratory manual and workbook with viva voce)
Statement of responsibility, etc. M.N. Avadhanulu
260 ## - PUBLICATION, DISTRIBUTION, ETC.
Date of publication, distribution, etc. c.2003
650 ## - SUBJECT ADDED ENTRY--TOPICAL TERM
9 (RLIN) 4954
Topical term or geographic name entry element Physics
General subdivision ME / MIS
942 ## - ADDED ENTRY ELEMENTS (KOHA)
Source of classification or shelving scheme
Koha item type Book
Holdings
Withdrawn status Lost status Source of classification or shelving scheme Damaged status Not for loan Permanent Location Current Location Shelving location Date acquired Total Checkouts Full call number Barcode Date last seen Price effective from Koha item type
          Pakistan Navy Engineering College (PNEC) Pakistan Navy Engineering College (PNEC)       530 AVA PNECLIB-029464 08/05/2015   Book
© 2023 Central Library, National University of Sciences and Technology. All Rights Reserved.